Rajnaitik tattwa (Record no. 345)
[ view plain ]
| 000 -LEADER | |
|---|---|
| fixed length control field | 00493cam a2200205ua 4500 |
| 001 - CONTROL NUMBER | |
| control field | 400 |
| 005 - DATE AND TIME OF LATEST TRANSACTION | |
| control field | 20260515113147.0 |
| 008 - FIXED-LENGTH DATA ELEMENTS--GENERAL INFORMATION | |
| fixed length control field | 110331n ii |||gr||||Z||||||asm |
| 020 ## - INTERNATIONAL STANDARD BOOK NUMBER | |
| International Standard Book Number | 81-7339-177-7 |
| 040 ## - CATALOGING SOURCE | |
| Transcribing agency | MAIN |
| 082 ## - DEWEY DECIMAL CLASSIFICATION NUMBER | |
| Classification number | 320.5 |
| 245 1# - TITLE STATEMENT | |
| Title | Rajnaitik tattwa |
| Statement of responsibility, etc. | by Purandar Gogoi |
| 250 ## - EDITION STATEMENT | |
| Edition statement | 9th. |
| 260 ## - PUBLICATION, DISTRIBUTION, ETC. | |
| Place of publication, distribution, etc. | Dibrugarh: |
| Name of publisher, distributor, etc. | Banalata,998. |
| 300 ## - PHYSICAL DESCRIPTION | |
| Extent | 432p: |
| Dimensions | 20cm. |
| 653 ## - INDEX TERM--UNCONTROLLED | |
| Uncontrolled term | Political science |
| 653 ## - INDEX TERM--UNCONTROLLED | |
| Uncontrolled term | Rajnaitik tattwa |
| 700 ## - ADDED ENTRY--PERSONAL NAME | |
| Personal name | Gogoi, Purandar., |
| Relator term | Author. |
| 942 ## - ADDED ENTRY ELEMENTS (KOHA) | |
| Koha item type | Books |
| Withdrawn status | Lost status | Damaged status | Not for loan | Home library | Current library | Shelving location | Date acquired | Total checkouts | Full call number | Barcode | Date last seen | Copy number | Price effective from | Koha item type |
|---|---|---|---|---|---|---|---|---|---|---|---|---|---|---|
| Naharkatiya College Library | Naharkatiya College Library | General stacks | 09/19/2020 | 320.5 | GOG | 901 | 09/19/2020 | 2 | 09/19/2020 | Books | |||||
| Naharkatiya College Library | Naharkatiya College Library | General stacks | 09/19/2020 | 320.5 | GOG | 904 | 09/19/2020 | 1 | 09/19/2020 | Books |